عرض عادي
عرض مارك
- Gellers, Joshua C.
دخول Personal Name
001 - CONTROL NUMBER
- control field: 16263
003 - CONTROL NUMBER IDENTIFIER
- control field: AE-AdECS
005 - DATE AND TIME OF LATEST TRANSACTION
- control field: 20250521105829.0
008 - FIXED-LENGTH DATA ELEMENTS
- fixed length control field: 250521|| aca||aabn | a|a d
040 ## - CATALOGING SOURCE
- Original cataloging agency: AE-AdECS
- Transcribing agency: AE-AdECS
100 ## - HEADING--PERSONAL NAME
- Personal name: Gellers, Joshua C.
670 ## - SOURCE DATA FOUND
- Source citation: Work cat.: (AE-AdECS)290751: Gellers, Joshua C., author, Rights for Robots
